Qui sont ces médaillés en snowboard aux Jeux Olympiques 2026 ? - Statistiques

Statistiques générales
  • Ce quiz a été pris 5 fois
  • Le résultat moyen est 9 sur 16
Statistiques - réponses
Par images Hint Réponse % Correct
Royaume Uni Charlotte Bankes
100%
États Unis Chloe Kim
75%
Corée du Sud Choi Gaon
75%
Canada Eliot Grondin
75%
Australie Josie Baff
75%
Autriche Benjamin Karl
50%
Autriche Jakob Dusek
50%
Japon Kira Kimura
50%
Japon Kokomo Murase
50%
Japon Mari Fukada
50%
Italie Michela Moioli
50%
Chine Yiming Su
50%
Nouvelle Zélande Zoi Sadowski Synnott
50%
République Tchèque Zuzana Maderova
50%
Autriche Alessandro Haemmerle
25%
Japon Mitsuki Ono
25%
Aucun quiz correspondant
Distribution des résultats
% des personnes avec chaque résultat
Percentile par nombre de réponses
Votre historique - résultats
Vous n’avez pas pris ce quiz